Tìm hiểu phật giáo

में बचाया:
ग्रंथसूची विवरण
मुख्य लेखक:  Plamintr, Sunthorn
स्वरूप: Sách
भाषा:Undetermined
प्रकाशित:  Tôn giáo  2008
विषय:
टैग : टैग जोड़ें
कोई टैग नहीं, इस रिकॉर्ड को टैग करने वाले पहले व्यक्ति बनें!
Thư viện lưu trữ: Trung tâm Thư viện - Trường Đại học Công nghiệp TP. Hồ Chí Minh
LEADER 00491nam a2200157Ia 4500
001 UIH_06664
008 231011s9999 xx 000 0 und d
082 |a  294.3 
100 |a  Plamintr, Sunthorn 
245 0 |a  Tìm hiểu phật giáo 
245 0 |c  Plamintr, Sunthorn 
260 |b  Tôn giáo 
260 |c  2008 
650 |a  Phật Giáo; Phật Giáo;  
927 |a Sách 
980 |a Trung tâm Thư viện - Trường Đại học Công nghiệp TP. Hồ Chí Minh